| 000 | 00852cab a2200253 4500 | ||
|---|---|---|---|
| 001 | ABS50072 | ||
| 008 | 090401t1994 xxu||||| |||| 00| 0 eng d | ||
| 035 | _a(Sirsi) u74002 | ||
| 041 | _aeng | ||
| 100 | _aMinogue, A. | ||
| 245 | _aClash points: trade contracts under construction management | ||
| 260 | _c1994 | ||
| 350 | _a0 | ||
| 490 |
_aBuilding _v259(7831) 18 February 1994, 22(1) |
||
| 520 | _aCriticism of the use of trade contracts under construction management is met by concern that the philosophy behind construction management is being forgotten. | ||
| 650 | _aBUILT ENVIRONMENT-BUILDING CONTRACT FORMS | ||
| 650 |
_aCONSTRUCTION MANAGEMENT _96230 |
||
| 650 | _aSUBCONTRACTS | ||
| 650 | _aTRADE CONTRACTS | ||
| 690 | _aBUILT ENVIRONMENT-BUILDING CONTRACT FORMS | ||
| 700 | _aKlein, R. | ||
| 942 | _n0 | ||
| 948 | _c04/03/1997 | ||
| 999 |
_c46710 _d46710 |
||